LEADER 01336nam a2200313 a 4500 001 000000123087 003 CaOOAMICUS 005 20100927114125.0 008 100927t2009 nyu u000 u eng r 020 $a978-0-300-14209-9 040 $aPUL$bita 041 1 $aeng$hheb 130 0 $aBiblia.$pV.T.$pProverbia.$nX-XXXI$lInglese.$0(OLS)http://pul/title/155127 245 10$aProverbs 10-31 :$ba new translation with introduction and commentary /$cby Michael V. Fox. 260 $aNew York :$bDoubleday,$c©2009. 300 $axix, 478-1205 p. ;$c24 cm 490 1 $aAnchor Yale Bible ;$v18B 500 $aInclude indice. 504 $aBibliografia: p. [1119]-1181. 630 04$aBiblia.$pV.T.$pProverbia$xCommenti.$0(OLS)http://pul/subject/634 700 1 $aFox, Michael V.,$d1940-$0(OLS)http://pul/name/37914 830 0$aAnchor Yale Bible ;$v18B.$0(OLS)http://pul/title/155114 850 $aPUL 852 $aPUL$W1$xSL Religione 1$y3$m1(6) G 18B$j141452$qStampati$q $B140487$CPULBib$Z2$F140487 $H114811 $81 941 1 $a8 996 $6020$a978-0-300-14209-9$9(OLS)http://pul/number/145440 996 $6245$aProverbs 10-31 :$ba new translation with introduction and commentary$9(OLS)http://pul/title/155128 996 $6260$aNew York :$bDoubleday$9(OLS)http://pul/publisher/53872 LEADER 01263nam a2200277 u 4500 001 000000077506 003 CaOOAMICUS 005 20070226123328.0 008 040209s2003 it u000 u ita u 020 $a8824314732 035 $a10983786 040 $aPUL$bita 100 1 $aAimo, Mariapaola,$d1969-$0(OLS)http://pul/name/51537 245 10$aPrivacy, libertą di espressione e rapporto di lavoro /$cMariapaola Aimo. 260 $aNapoli :$bJovene,$c2003. 300 $axi, 380 p. ;$c24 cm 490 1 $aUniversitą di Torino. Memorie del Dipartimento di Scienze giuridiche. Serie V ;$v17 504 $aBibliografia: p. [359]-380. 650 4$aLibertą di espressione.$0(OLS)http://pul/subject/26938 830 0$aMemorie del Dipartimento di scienze giuridiche (Universitą di Torino).$nSerie V ;$v17.$0(OLS)http://pul/title/81970 850 $aPUL 852 $aPUL$W1$xDP1 Cons. Gen., Altre Classi 1$y22$m1039 F 5.17$j178464$nBK-PRI$qStampati$B99543$CPULBib$Z2$F99543 $H92345 $82 941 1 $a8 996 $6020$a8824314732$9(OLS)http://pul/number/101613 996 $6245$aPrivacy, libertą di espressione e rapporto di lavoro$9(OLS)http://pul/title/101641 996 $6260$aNapoli :$bJovene$9(OLS)http://pul/publisher/47845